| 000 | 00354nam a22001451a 4500 | ||
|---|---|---|---|
| 999 |
_c165441 _d165441 |
||
| 020 | _a9788185341019 | ||
| 082 |
_aH1 _bRAM/U |
||
| 100 | _aRamdhari Singh Dinkar | ||
| 245 |
_aUrvasi/ _cby Ramdhari Singh Dinkar. |
||
| 260 |
_aAllahabad: _bLokbharathi, _c |
||
| 650 | _aPoetry Hindi | ||
| 650 | _aLiterature Hindi | ||
| 650 | _aLiterature | ||
| 942 | _cBK | ||